00480nam a22001697a 4500003000400000005001700004008004100021020001800062050002100080100002300101245006300124260005000187300002100237521000700258650002100265650002400286OSt20140310183006.0130211t xxu||||| |||| 00| 0 eng d a9789710391325 aP 94b.Se84 2007 aSevilla, Andres G. aMass communication ethics :ba primer /cAndres G. Sevilla aQuezon City :bGreat Books Publishing,c2007. a105 p. :c22 cm. aMC aBusiness ethics. aEthicsvMass media.